Rarotonga International Airport Destinations (Avarua, Cook Islands) - Statistics

General Stats
  • This quiz has been taken 25 times
    6 since last reset
  • The average score is 5 of 9
Answer Stats
Airline Destination % Correct
Air New Zealand/Jetstar Auckland
100%
Hawaiian Airlines Honolulu
80%
Air Rarotonga/Air Tahiti Papeete
80%
Jetstar Sydney
80%
Air Rarotonga Aitutaki
40%
Air Rarotonga Atiu
40%
Air Rarotonga Mauke
40%
Air Rarotonga Mitiaro
40%
Air Rarotonga Mangaia
20%
No matching quizzes found
Score Distribution
Percent of People with Each Score
Percentile by Number Answered
Your Score History
You have not taken this quiz since the last reset